000 00560nam a2200169Ia 4500
008 090711s9999 xx 000 0 und d
082 _b75389
100 _aप्रियोळकर अनंत का.
245 _aदमयंती स्वयंवर
260 _c1935
300 _a104
600 _aप्रियोळकर अनंत का.
630 _aदमयंती स्वयंवर
700 _aप्रियोळकर अनंत का.
730 _aदमयंती स्वयंवर
942 _cBOOK
999 _c312201
_d312201